| 000 | 00000nam##2200000za#4500 |
| 001 | 9.540693 |
| 003 | CaOODSP |
| 005 | 20200327110426 |
| 007 | ta |
| 008 | 150406|2004||||xxc||||| f|0| 0 fre|d |
| 040 | |aCaOODSP|bfre |
| 041 | |aeng |
| 041 | |afre |
| 043 | |an-cn--- |
| 086 | 1 |aRv55-5/11-4-13-2004 |
| 110 | 1 |aCanada.|bRevenu Canada. |
| 245 | 10|aRègles d'origine des marchandises occasionnelles |
| 260 | |bRevenu Canada |
| 300 | |aTexte français, 4p. ; |c28 cm. |
| 490 | 1 |aMémorandums D des douanes. D11, Renseignements généraux sur le tarif |vD11-4-13, le 18 novembre 2004 |
| 500 | |aCeci annule les mémorandums « D » - D11-4-13, le 5 juin 1998. |
| 563 | |aFeuilles mobiles |
| 776 | 0#|tRules of origin for casual goods regulations |w(CaOODSP)9.580864 |
| 776 | 0#|tRègles d'origine des marchandises occasionnelles |w(CaOODSP)9.607801 |
| 791 | |tRules of origin for casual goods regulations |eeng|w(CaOODSP)9.540692 |
| 830 | #0|aMémorandums D des douanes. D11, Renseignements généraux sur le tarif ;|vD11-4-13, le 18 novembre 2004|w(CaOODSP)9.510863 |